| 000 | 00650nam a2200181Ia 4500 | ||
|---|---|---|---|
| 008 | 090630s9999 xx 000 0 und d | ||
| 082 | _b14271 | ||
| 100 | _aकुळकर्णी नलिनी. | ||
| 245 |
_aचेटकीण आणि इतर. _cकुळकर्णी नलिनी. |
||
| 260 |
_bअमोल - पुणे. _c1995 |
||
| 300 | _a16 | ||
| 600 | _aकुळकर्णी नलिनी. | ||
| 630 | _aचेटकीण आणि इतर. | ||
| 655 | _aबालवाङमय. | ||
| 700 | _aकुळकर्णी नलिनी. | ||
| 730 | _aचेटकीण आणि इतर. | ||
| 942 | _cBOOK | ||
| 999 |
_c266127 _d266127 |
||